Web development with visual basic 5 (Record no. 83090)
[ view plain ]
| 000 -LEADER | |
|---|---|
| fixed length control field | 00880nam a2200193 a 4500 |
| 008 - FIXED-LENGTH DATA ELEMENTS--GENERAL INFORMATION | |
| fixed length control field | 160512c19989999||||||||||||||||| || u |
| 020 ## - INTERNATIONAL STANDARD BOOK NUMBER | |
| International Standard Book Number | 8120313135 |
| 050 ## - LIBRARY OF CONGRESS CALL NUMBER | |
| Classification number | CD/QA 76.8.W42 Cha |
| 100 ## - MAIN ENTRY--PERSONAL NAME | |
| Personal name | Chapman, Davis |
| 245 10 - TITLE STATEMENT | |
| Title | Web development with visual basic 5 |
| Medium | [cd-rom] |
| 260 ## - PUBLICATION, DISTRIBUTION, ETC. | |
| Place of publication, distribution, etc. | New Delhi: |
| Name of publisher, distributor, etc. | Prentice-Hall, Inc |
| Date of publication, distribution, etc. | 1998 |
| 300 ## - PHYSICAL DESCRIPTION | |
| Extent | 4 3/4 in. |
| 650 ## - SUBJECT ADDED ENTRY--TOPICAL TERM | |
| Topical term or geographic name entry element | COMPUTERS |
| 650 ## - SUBJECT ADDED ENTRY--TOPICAL TERM | |
| Topical term or geographic name entry element | VISUAL BASICS |
| 650 ## - SUBJECT ADDED ENTRY--TOPICAL TERM | |
| Topical term or geographic name entry element | WEB SITE DEVELOPMENT--COMPUTER PROGRAMS |
| 995 ## - | |
| -- | e-RESOURCES |
| -- | 20142125 |
| -- | CBU-MAIN LIBRARY (Kitwe) |
| -- | CD/QA 76.8.W42 Cha |
| -- | 2 |
| -- | AVAILABLE |
| -- | Jul 13, 2016 |
| -- | 20142125 |
| -- | e-Media Collection |
| 995 ## - | |
| -- | e-RESOURCES |
| -- | 20141037 |
| -- | CBU-MAIN LIBRARY (Kitwe) |
| -- | CD/QA 76.8.W42 Cha |
| -- | 1 |
| -- | AVAILABLE |
| -- | May 12, 2016 |
| -- | 20141037 |
| -- | e-Media Collection |
| 995 ## - | |
| -- | e-RESOURCES |
| -- | 20142152 |
| -- | CBU-MAIN LIBRARY (Kitwe) |
| -- | CD/QA 76.8.W42 Cha |
| -- | 3 |
| -- | AVAILABLE |
| -- | Jul 14, 2016 |
| -- | 20142152 |
| -- | e-Media Collection |
| 999 ## - | |
| -- | 83090 |
| -- | 83090 |
| Withdrawn status | Lost status | Source of classification or shelving scheme | Damaged status | Not for loan | Permanent Location | Current Location | Shelving location | Date acquired | Total Checkouts | Full call number | Barcode | Date last seen | Copy number | Price effective from | Koha item type |
|---|---|---|---|---|---|---|---|---|---|---|---|---|---|---|---|
| CBU-MAIN LIBRARY, KITWE. | CBU-MAIN LIBRARY, KITWE. | 10/25/2023 | CD/QA 76.8.W42 Cha | 20142125 | 10/25/2023 | 1 | 10/25/2023 | DVD/CD-ROM | |||||||
| CBU-MAIN LIBRARY, KITWE. | CBU-MAIN LIBRARY, KITWE. | 10/25/2023 | CD/QA 76.8.W42 Cha | 20141037 | 10/25/2023 | 2 | 10/25/2023 | DVD/CD-ROM | |||||||
| CBU-MAIN LIBRARY, KITWE. | CBU-MAIN LIBRARY, KITWE. | 10/25/2023 | CD/QA 76.8.W42 Cha | 20142152 | 10/25/2023 | 3 | 10/25/2023 | DVD/CD-ROM |